What does consent really mean? / (Record no. 9582)

MARC details
000 -LEADER
fixed length control field 01253cam a2200337 i 4500
001 - CONTROL NUMBER
control field 20143978
005 - DATE AND TIME OF LATEST TRANSACTION
control field 20230522112453.0
008 - FIXED-LENGTH DATA ELEMENTS--GENERAL INFORMATION
fixed length control field 171116s2017 paua j 000 0 eng
010 ## - LIBRARY OF CONGRESS CONTROL NUMBER
LC control number 2017030844
020 ## - INTERNATIONAL STANDARD BOOK NUMBER
International Standard Book Number 9781848193307 (alk. paper)
040 ## - CATALOGING SOURCE
Original cataloging agency DLC
Language of cataloging eng
Transcribing agency DLC
Description conventions rda
042 ## - AUTHENTICATION CODE
Authentication code pcc
050 00 - LIBRARY OF CONGRESS CALL NUMBER
Classification number HQ27
Item number .W35 2017
082 00 - DEWEY DECIMAL CLASSIFICATION NUMBER
Classification number 306.70
Edition number 23
100 1# - MAIN ENTRY--PERSONAL NAME
Personal name Wallis, Pete,
Relator term author.
245 10 - TITLE STATEMENT
Title What does consent really mean? /
Statement of responsibility, etc. written by Pete Wallis and Thalia Wallis ; illustrated by Joseph Wilkins.
264 #1 - PRODUCTION, PUBLICATION, DISTRIBUTION, MANUFACTURE, AND COPYRIGHT NOTICE
Place of production, publication, distribution, manufacture London ;
-- Philadelphia :
Name of producer, publisher, distributor, manufacturer Singing Dragon,
Date of production, publication, distribution, manufacture, or copyright notice 2018.
300 ## - PHYSICAL DESCRIPTION
Extent 62 pages :
Other physical details color illustrations ;
Dimensions 23 cm
336 ## - CONTENT TYPE
Content type term text
Content type code txt
Source rdacontent
337 ## - MEDIA TYPE
Media type term unmediated
Media type code n
Source rdamedia
338 ## - CARRIER TYPE
Carrier type term volume
Carrier type code nc
Source rdacarrier
521 1# - TARGET AUDIENCE NOTE
Target audience note Age: 13-18.
Target audience note Grade 9 to 12.
650 #0 - SUBJECT ADDED ENTRY--TOPICAL TERM
Topical term or geographic name entry element Teenagers
General subdivision Sexual behavior
Form subdivision Juvenile literature.
Topical term or geographic name entry element Rape
Form subdivision Juvenile literature.
Topical term or geographic name entry element Sexual harassment
Form subdivision Juvenile literature.
700 1# - ADDED ENTRY--PERSONAL NAME
Personal name Wallis, Thalia,
Relator term author.
Personal name Wilkins, Joseph,
Relator term illustrator.
776 08 - ADDITIONAL PHYSICAL FORM ENTRY
Relationship information Online version:
Main entry heading Wallis, Pete, author.
Title What does consent really mean?
Place, publisher, and date of publication Philadelphia : Jessica Kingsley Publishers, [2018]
International Standard Book Number 9780857012852
Record control number (DLC) 2017055559
942 ## - ADDED ENTRY ELEMENTS (KOHA)
Source of classification or shelving scheme Dewey Decimal Classification
Koha item type Main
Holdings
Withdrawn status Lost status Source of classification or shelving scheme Damaged status Not for loan Collection code Home library Current library Shelving location Date acquired Serial Enumeration / chronology Total Checkouts Full call number Barcode Date last seen Price effective from Koha item type
    Dewey Decimal Classification     Main TEST RTC Library RTC Library Main opac 22/05/2023 177447   306.70 WAL 30018406 22/05/2023 22/05/2023 Main
Royal Thimphu College || All Right Reserved